Aj roboty treba robiť s etikou

Rozhovor s riaditeľom ABB Group Slovakia M. J. H. van der Hoekom. Spoločnosť patriaca k trhovým lídrom v energetike a automatizácii. Vzťah k zamestnancom. Etický prístup. Šetrenie energie a využívanie obnoviteľných zdrojov. Inovácie v doprave. Ovládanie elektrospotrebičov hlasovými príkazmi. Využiti...

Full description

Saved in:
Bibliographic Details
Main Author: Mekyňová, Júlia
Other Authors: van der Hoek, Marcel Jacobus Henri
Format: Book Chapter
Language:Slovak
Subjects:
Tags: Add Tag
No Tags, Be the first to tag this record!

MARC

LEADER 00000naa a2200000 4500
001 0231299
005 20231113083849.0
041 0 |a slo 
044 |a SK 
245 1 0 |a Aj roboty treba robiť s etikou  |c Júlia Mekyňová, Marcel Jacobus Henri van der Hoek 
520 |a Rozhovor s riaditeľom ABB Group Slovakia M. J. H. van der Hoekom. Spoločnosť patriaca k trhovým lídrom v energetike a automatizácii. Vzťah k zamestnancom. Etický prístup. Šetrenie energie a využívanie obnoviteľných zdrojov. Inovácie v doprave. Ovládanie elektrospotrebičov hlasovými príkazmi. Využitie solárnej energie. 
610 2 0 |a manažéri 
610 2 0 |a firmy 
610 2 0 |a energetika 
610 2 0 |a robotizácia 
610 2 0 |a roboty priemyselné 
610 2 0 |a etika 
610 2 0 |a podnikanie zodpovedné 
610 2 0 |a zamestnávatelia 
610 2 0 |a zamestnanci 
100 1 |a Mekyňová, Júlia 
700 1 |a van der Hoek, Marcel Jacobus Henri